000 00556nam a2200205 a 4500
001 10155
003 CO-ViMGA
008 141112s2004 ck r 000 u spa d
020 _a8426706851
040 _aCO-ViMGA
_bspa
_cCO-ViMGA
082 0 4 _a658.2 F37f
100 1 _aFerre Masip ; Rafael,
_913068
245 1 0 _aLa Fábrica Flexible
260 _aBarcelona :
_bMarcombo,
_c1988
300 _a148p.
650 1 4 _aADMINISTRACION DE FABRICAS
_913069
650 1 4 _aGESTION INDUSTRIAL
_913070
650 1 4 _aORGANIZACION INDUSTRIAL
_913071
942 _2ddc
_cBK
999 _c21528
_d21528